Essentials of oral communication towards effective and responsible speech / (Record no. 276932)
[ view plain ]
| 000 -LEADER | |
|---|---|
| fixed length control field | 00745nam a2200217 a 4500 |
| 001 - CONTROL NUMBER | |
| control field | HUB004528 |
| 005 - DATE AND TIME OF LATEST TRANSACTION | |
| control field | 20141211141630.0 |
| 008 - FIXED-LENGTH DATA ELEMENTS--GENERAL INFORMATION | |
| fixed length control field | |
| 020 ## - INTERNATIONAL STANDARD BOOK NUMBER | |
| International Standard Book Number | 9789719983040 |
| 050 ## - LIBRARY OF CONGRESS CALL NUMBER | |
| Classification number | P 90 |
| Item number | .V233 2013 |
| 100 ## - MAIN ENTRY--PERSONAL NAME | |
| Personal name | Valdez, Suzette F. |
| 245 #0 - TITLE STATEMENT | |
| Title | Essentials of oral communication towards effective and responsible speech / |
| Statement of responsibility, etc | Suzette F. Valdez and Rommel B. Dela Cruz. |
| 260 ## - PUBLICATION, DISTRIBUTION, ETC. (IMPRINT) | |
| Place of publication, distribution, etc | Manila, Philippines : |
| Date of publication, distribution, etc | c2013. |
| Name of publisher, distributor, etc | Purely Books Trading & Publishing Corp., |
| 300 ## - PHYSICAL DESCRIPTION | |
| Extent | 276 pages : |
| Other physical details | illustrations ; |
| Dimensions | 22 cm. |
| 500 ## - GENERAL NOTE | |
| General note | Includes bibliographical references. |
| 521 ## - TARGET AUDIENCE NOTE | |
| Target audience note | General Education |
| 650 ## - SUBJECT ADDED ENTRY--TOPICAL TERM | |
| Topical term or geographic name as entry element | Communication. |
| 650 ## - SUBJECT ADDED ENTRY--TOPICAL TERM | |
| Topical term or geographic name as entry element | Speech. |
| 700 ## - ADDED ENTRY--PERSONAL NAME | |
| Personal name | Dela Cruz, Rommel B. |
| 942 ## - ADDED ENTRY ELEMENTS (KOHA) | |
| Source of classification or shelving scheme | Library of Congress Classification |
| Koha item type | Books |
| Call number prefix | Foreign |
| Withdrawn status | Lost status | Source of classification or shelving scheme | Damaged status | Home library | Current library | Shelving location | Date acquired | Source of acquisition | Total Checkouts | Total Renewals | Full call number | Barcode | Date last seen | Date checked out | Price effective from | Koha item type |
|---|---|---|---|---|---|---|---|---|---|---|---|---|---|---|---|---|
| Library of Congress Classification | College Library | College Library | Reserve Section | 12/11/2014 | Library Fund | 3 | 4 | P 90 .V233 2013 | C19046 | 04/13/2023 | 03/02/2023 | 12/11/2014 | Books |